[Event "BW 2018 Senioren"]
[Site "Bad Woerishofen"]
[Date "2018.03.03"]
[Round "9.7"]
[White "Villing, Dieter"]
[Black "Rubke, Manfred"]
[Result "1-0"]
[WhiteElo "2094"]
[BlackElo "2114"]
[Annotator "chessorg"]
[PlyCount "45"]
[EventDate "2018.??.??"]
[WhiteTeam "SK 1912 Ludwigshafen"]
[BlackTeam "SAbt TSV Haunstetten"]

1. d4 d5 2. Nc3 Nf6 3. Bg5 e6 4. e4 dxe4 5. Nxe4 Be7 6. Bxf6 Bxf6 7. Nf3 Nc6 8.
Bb5 Bd7 9. Qd3 a6 10. Ba4 Ne7 11. Bb3 Bc6 12. O-O-O Bxe4 13. Qxe4 c6 14. g4 Qa5
15. h4 h6 16. g5 hxg5 17. hxg5 Bxg5+ 18. Nxg5 Rxh1 19. Rxh1 Qxg5+ 20. f4 Qg3
21. Rh8+ Kd7 22. Rxa8 Nf5 23. c3 1-0

[Event "Schachfestival 2018"]
[Site "Bad Woerishofen"]
[Date "2018.03.03"]
[Round "9.8"]
[White "Fischer, Daniel"]
[Black "Tscharotschkin, Michael"]
[Result "1-0"]
[WhiteElo "2164"]
[BlackElo "2124"]
[Annotator "chessorg"]
[PlyCount "81"]
[EventDate "2018.??.??"]
[WhiteTeam "SC Dreilaendereck"]
[BlackTeam "SF 47 Neckartenzlingen"]

1. e4 e6 2. d4 d5 3. Nd2 Nf6 4. e5 Nfd7 5. Bd3 b6 6. Ne2 Be7 7. O-O c5 8. c3
Ba6 9. Bc2 Nc6 10. Nf3 g5 11. Be3 g4 12. Ne1 Qc7 13. f4 h5 14. Nd3 cxd4 15.
cxd4 Rc8 16. Rc1 Qb7 17. f5 Nf8 18. Ndf4 Bg5 19. Nxd5 Bxe3+ 20. Nxe3 Bxe2 21.
Qxe2 Nxd4 22. Ba4+ Nd7 23. Rxc8+ Qxc8 24. Qd3 b5 25. Qxd4 bxa4 26. fxe6 fxe6
27. Nc4 Ke7 28. Nd6 Qc6 29. Rf7+ Kd8 30. Rxd7+ Kxd7 31. Nf7+ Ke8 32. Nxh8 Qc1+
33. Kf2 Qc2+ 34. Kg3 Qf5 35. Qxa4+ Kd8 36. Qd4+ Kc8 37. Qc5+ Kb8 38. Qd6+ Kc8
39. Qc6+ Kb8 40. Qe8+ Kb7 41. Qf7+ 1-0

[Event "Schachfestival 2018"]
[Site "Bad Woerishofen"]
[Date "2018.03.03"]
[Round "9.9"]
[White "Johnsen, Gunnar"]
[Black "Mainka, Romuald"]
[Result "0-1"]
[WhiteElo "2174"]
[BlackElo "2411"]
[Annotator "chessorg"]
[PlyCount "70"]
[EventDate "2018.??.??"]
[WhiteTeam "Tromsø Sjakklubb"]
[BlackTeam "SC Hansa Dortmund e.V."]

1. d4 Nf6 2. c4 e6 3. Nf3 d5 4. Nc3 dxc4 5. e3 a6 6. Bxc4 b5 7. Bd3 Bb7 8. O-O
Nbd7 9. Qe2 c5 10. Rd1 Qb8 11. e4 cxd4 12. Nxd4 Bd6 13. Nf3 O-O 14. Bg5 Ng4 15.
h3 Nge5 16. Nxe5 Nxe5 17. Bc2 h6 18. Bf4 Nf3+ 19. Qxf3 Bxf4 20. Bb3 Bh2+ 21.
Kh1 Be5 22. Rd2 Bc6 23. Re1 Rd8 24. Red1 Rxd2 25. Rxd2 Qb7 26. Qg4 Bxc3 27.
bxc3 Bxe4 28. Bxe6 fxe6 29. Qxe6+ Kh8 30. Rd7 Bxg2+ 31. Kg1 Qe4 32. Qf7 Rg8 33.
Rd4 Qf3 34. Qg6 Bxh3 35. Rh4 Bf5 0-1

[Event "Schachfestival 2018"]
[Site "Bad Woerishofen"]
[Date "2018.03.03"]
[Round "9.10"]
[White "Friedrich, Norbert"]
[Black "Stiefel, Roland"]
[Result "0-1"]
[WhiteElo "2277"]
[BlackElo "2009"]
[Annotator "chessorg"]
[PlyCount "70"]
[EventDate "2018.??.??"]
[BlackTeam "ZSG Gruen-Weiß Waltershausen"]

1. e4 c5 2. Nf3 a6 3. c4 d6 4. d4 cxd4 5. Nxd4 e6 6. Nc3 Be7 7. Be2 Nd7 8. O-O
Qc7 9. Be3 Ngf6 10. f4 b6 11. Rc1 Bb7 12. Bf3 Rc8 13. f5 e5 14. Nd5 Nxd5 15.
cxd5 Qb8 16. Nc6 Qa8 17. b4 Bxc6 18. dxc6 Rxc6 19. Qd5 Rc8 20. Rxc8+ Qxc8 21.
Rc1 Qd8 22. Qb7 O-O 23. Rc7 Bg5 24. Bf2 Nf6 25. Bxb6 d5 26. Rc6 Qb8 27. Qxb8
Rxb8 28. Ba7 Ra8 29. exd5 e4 30. Be2 Nxd5 31. Bc5 a5 32. bxa5 Nc3 33. Ba6 e3
34. Kf1 Rd8 35. Rc8 e2+ 0-1

[Event "BW 2018 Senioren"]
[Site "Bad Woerishofen"]
[Date "2018.03.03"]
[Round "9.10"]
[White "Goris, Ton"]
[Black "Hohler, Peter"]
[Result "1/2-1/2"]
[WhiteElo "1939"]
[BlackElo "2105"]
[Annotator "chessorg"]
[PlyCount "32"]
[EventDate "2018.??.??"]
[BlackTeam "Olten"]

1. e4 e5 2. d4 exd4 3. Qxd4 Nc6 4. Qe3 Nf6 5. Nc3 Bb4 6. Bd2 O-O 7. O-O-O Re8
8. Qg3 d6 9. f3 Be6 10. Nge2 Kh8 11. a3 Ba5 12. Nf4 Bd7 13. Bc4 Ne5 14. Ba2 b5
15. Ncd5 Bxd2+ 16. Rxd2 Nxd5 1/2-1/2

[Event "Schachfestival 2018"]
[Site "Bad Woerishofen"]
[Date "2018.03.03"]
[Round "9.14"]
[White "De Francesco, Klaus"]
[Black "Bruchmann, Norbert"]
[Result "1-0"]
[WhiteElo "2301"]
[BlackElo "2087"]
[Annotator "chessorg"]
[PlyCount "113"]
[EventDate "2018.??.??"]
[WhiteTeam "SK Weilheim"]
[BlackTeam "SG Ennepe-Ruhr-Sued"]

1. d4 e6 2. c4 Nf6 3. Nc3 Bb4 4. e3 d5 5. Nge2 O-O 6. a3 Be7 7. Nf4 c6 8. Bd3
Re8 9. O-O Nbd7 10. cxd5 exd5 11. b4 Nf8 12. b5 cxb5 13. Bxb5 Bd7 14. Bd3 Bc6
15. f3 Bd6 16. g3 Rc8 17. Bd2 a6 18. Qb3 Bb8 19. Na4 Ba7 20. Rac1 Ng6 21. Nc5
Nxf4 22. gxf4 Bxc5 23. Rxc5 Qd7 24. Qb1 g6 25. Qe1 Ba4 26. Qh4 Nh5 27. Rfc1 Rc6
28. f5 Rec8 29. fxg6 fxg6 30. Qg5 Rxc5 31. dxc5 Rf8 32. f4 Bc6 33. Bc3 Qe6 34.
f5 Qf7 35. Rf1 Qd7 36. fxg6 Rxf1+ 37. Bxf1 hxg6 38. Qxg6+ Ng7 39. Bh3 Qe7 40.
Bd4 Kf8 41. Qxg7+ Qxg7+ 42. Bxg7+ Kxg7 43. Kf2 Kf6 44. Bg2 Ke5 45. h4 Be8 46.
Ke2 a5 47. Kd3 Bh5 48. Kc3 Bd1 49. Kd2 Bh5 50. Bh3 d4 51. Bg2 dxe3+ 52. Kxe3
Bg6 53. Bxb7 Be8 54. Bf3 Bg6 55. c6 Kd6 56. Kd4 Bf7 57. h5 1-0

[Event "Schachfestival 2018"]
[Site "Bad Woerishofen"]
[Date "2018.03.03"]
[Round "9.15"]
[White "Cebalo, Miso"]
[Black "Heller, Achim"]
[Result "1/2-1/2"]
[WhiteElo "2287"]
[BlackElo "2089"]
[Annotator "chessorg"]
[PlyCount "66"]
[EventDate "2018.??.??"]
[BlackTeam "Ennepe Ruhr Sued"]

1. d4 d5 2. Nf3 Nf6 3. c4 c6 4. Nc3 dxc4 5. a4 Bf5 6. Ne5 Nbd7 7. Nxc4 Nb6 8.
Ne5 a5 9. f3 Nfd7 10. Nxd7 Nxd7 11. e4 Bg6 12. Be3 e6 13. Bc4 Bb4 14. O-O O-O
15. Qe2 Qe7 16. Bf2 f6 17. Rfd1 Bf7 18. Rac1 Rfd8 19. Qc2 e5 20. Bxf7+ Kxf7 21.
Qb3+ Kf8 22. d5 Rab8 23. Na2 Bd6 24. Qc3 cxd5 25. Rxd5 b6 26. Qc6 Bc5 27. Rcd1
Bxf2+ 28. Kxf2 Nc5 29. Nc3 Rxd5 30. Rxd5 Qe8 31. Qd6+ Kg8 32. Nb5 Qf8 33. Qc7
Qc8 1/2-1/2

[Event "Schachfestival 2018"]
[Site "Bad Woerishofen"]
[Date "2018.03.03"]
[Round "9.16"]
[White "Astengo, Corrado"]
[Black "Baeuml, Ulrich"]
[Result "0-1"]
[WhiteElo "2160"]
[BlackElo "2080"]
[Annotator "chessorg"]
[PlyCount "62"]
[EventDate "2018.??.??"]
[BlackTeam "SC Dillingen"]

1. e4 e6 2. d3 d5 3. Nd2 c5 4. g3 Nc6 5. Bg2 Nf6 6. Ngf3 Be7 7. O-O dxe4 8.
dxe4 e5 9. h3 O-O 10. Re1 h6 11. c3 Be6 12. Qc2 Qc7 13. Nf1 Rfd8 14. Ne3 b5 15.
Nh4 a5 16. Nef5 Bf8 17. Qe2 g5 18. Nf3 Bc4 19. Qe3 Rd3 20. Qe2 Rxc3 21. Qd2 Rd3
22. Qc2 Nb4 23. Qe2 Rd7 24. Qe3 Nc2 25. Qc3 Nxe1 26. Nxe5 Nxg2 27. Nxc4 Nxe4
28. Qf3 Re8 29. Kxg2 bxc4 30. h4 Qe5 31. Be3 Nd6 0-1

[Event "Schachfestival 2018"]
[Site "Bad Woerishofen"]
[Date "2018.03.03"]
[Round "9.19"]
[White "Roemhild, Marcus"]
[Black "Hanisch, Sebastian"]
[Result "1/2-1/2"]
[WhiteElo "2054"]
[BlackElo "2095"]
[Annotator "chessorg"]
[PlyCount "59"]
[EventDate "2018.??.??"]
[WhiteTeam "Bielefelder SK von 1883"]
[BlackTeam "SC Kempten 1878"]

1. c4 e5 2. Nc3 d6 3. g3 f5 4. Bg2 Nf6 5. d3 Be7 6. e4 c6 7. Nge2 O-O 8. O-O
Na6 9. d4 exd4 10. Nxd4 fxe4 11. Nxe4 Nxe4 12. Bxe4 Nc5 13. Bg2 Bf6 14. Be3 Qc7
15. Rc1 a5 16. b3 Bd7 17. Qd2 Rad8 18. Rfe1 Be8 19. Rcd1 Bg6 20. Bf4 Be5 21.
Bg5 Rde8 22. Be3 Ne4 23. Qc1 Qf7 24. f4 Bf6 25. Kh1 Bh5 26. Nf3 Kh8 27. Kg1 Re7
28. Bd4 Rfe8 29. Rf1 h6 30. Qb2 1/2-1/2

[Event "Schachfestival 2018"]
[Site "Bad Woerishofen"]
[Date "2018.03.03"]
[Round "9.23"]
[White "Ballon, Guenther Jan"]
[Black "Kraemer, Max"]
[Result "1/2-1/2"]
[WhiteElo "2071"]
[BlackElo "2012"]
[Annotator "chessorg"]
[PlyCount "41"]
[EventDate "2018.??.??"]
[WhiteTeam "Caissa Amsterdam"]
[BlackTeam "SK Caissa Augsburg"]

1. d4 e6 2. c4 b6 3. Nf3 Bb7 4. g3 f5 5. Bg2 Nf6 6. O-O Ne4 7. Nfd2 Be7 8. Nxe4
Bxe4 9. f3 Bb7 10. e4 O-O 11. Nc3 fxe4 12. fxe4 Rxf1+ 13. Qxf1 Nc6 14. Be3 Bg5
15. Qf2 Bxe3 16. Qxe3 Qe7 17. e5 a6 18. Be4 Rf8 19. Rf1 Rxf1+ 20. Kxf1 Na5 21.
Bxb7 1/2-1/2

[Event "BW 2018 Senioren"]
[Site "Bad Woerishofen"]
[Date "2018.03.03"]
[Round "9.24"]
[White "Lainburg, Viktor"]
[Black "Teubner, Wolfgang"]
[Result "1-0"]
[WhiteElo "1960"]
[BlackElo "1791"]
[Annotator "chessorg"]
[PlyCount "97"]
[EventDate "2018.??.??"]
[WhiteTeam "SC Weiße Dame Ulm e.V."]
[BlackTeam "SF Blaustein"]

1. d4 d5 2. Bg5 f6 3. Bf4 e6 4. e3 Bd6 5. Bxd6 Qxd6 6. Qd2 Nh6 7. Nf3 O-O 8. c4
c5 9. Nc3 cxd4 10. Nxd4 a6 11. cxd5 exd5 12. Be2 Nc6 13. Bf3 Ne7 14. O-O-O Bg4
15. Qe2 Bxf3 16. Qxf3 Rac8 17. Kb1 Rfd8 18. h3 Nf7 19. Nf5 Nxf5 20. Qxf5 Rc5
21. Rd4 g6 22. Qf4 Qe5 23. Rhd1 b5 24. Qxe5 fxe5 25. Rxd5 Rdxd5 26. Rxd5 Rc6
27. Ne4 Kf8 28. Rc5 Re6 29. Rc8+ Ke7 30. Rc7+ Ke8 31. Rxf7 Kxf7 32. Ng5+ Ke7
33. Nxe6 Kxe6 34. Kc2 e4 35. Kc3 Kd5 36. f4 exf3 37. gxf3 a5 38. Kd3 g5 39. f4
h6 40. e4+ Ke6 41. fxg5 hxg5 42. Kd4 b4 43. b3 Kd6 44. e5+ Ke7 45. Kd5 Kd7 46.
e6+ Ke8 47. Ke5 Ke7 48. Kf5 Kf8 49. Kxg5 1-0

[Event "BW 2018 Senioren"]
[Site "Bad Woerishofen"]
[Date "2018.03.03"]
[Round "9.27"]
[White "Niedermaier, Peter"]
[Black "Spurga, Josef"]
[Result "1-0"]
[WhiteElo "1817"]
[BlackElo "1942"]
[Annotator "chessorg"]
[PlyCount "115"]
[EventDate "2018.??.??"]
[WhiteTeam "SU Ebersberg-Grafing"]
[BlackTeam "VfL Sindelfingen"]

1. e4 c5 2. Nf3 d6 3. d4 cxd4 4. Nxd4 Nf6 5. Nc3 a6 6. Be2 g6 7. Be3 Bg7 8. h3
b5 9. a3 Bb7 10. Bd3 Qc7 11. Qd2 Nbd7 12. Nb3 Ne5 13. O-O Nc4 14. Qc1 Rc8 15.
Bxc4 Qxc4 16. Nd2 Qc7 17. Bd4 O-O 18. Re1 e6 19. Qd1 Nd7 20. Bxg7 Kxg7 21. Rc1
Qb6 22. Qe2 b4 23. axb4 Qxb4 24. Nb3 Ne5 25. Ra1 Rc7 26. Ra4 Qb6 27. Rd1 Re8
28. Rdd4 Rc6 29. Rdb4 Qc7 30. Na5 Rb6 31. Nxb7 Qxb7 32. Rxb6 Qxb6 33. Qxa6 Qxa6
34. Rxa6 Nc4 35. Nd1 Nd2 36. c3 Nxe4 37. f3 Nc5 38. Rxd6 Kf6 39. b4 Na4 40. Rd3
Ke5 41. g3 f5 42. Kf2 g5 43. Ke2 h5 44. Kf2 f4 45. g4 hxg4 46. hxg4 Rh8 47. Kg2
Rc8 48. Kf1 Rc6 49. Ke2 Kf6 50. Kd2 Ke7 51. Kc2 e5 52. Nf2 Re6 53. Ne4 Rg6 54.
Rd5 Ke6 55. Rd6+ Kf7 56. Rxg6 Kxg6 57. c4 Nb6 58. Kb3 1-0

[Event "Schachfestival 2018"]
[Site "Bad Woerishofen"]
[Date "2018.03.03"]
[Round "9.27"]
[White "Stuemer, Paul"]
[Black "Mattes, Heinz"]
[Result "1-0"]
[WhiteElo "2067"]
[BlackElo "1915"]
[Annotator "chessorg"]
[PlyCount "29"]
[EventDate "2018.??.??"]
[WhiteTeam "SV Bergneustadt/Derschlag"]
[BlackTeam "Muenchner SC 1836"]

1. Nf3 Nf6 2. c4 g6 3. e3 Bg7 4. d4 O-O 5. Be2 d6 6. Nc3 Nbd7 7. O-O e5 8. Qc2
Re8 9. Rd1 exd4 10. exd4 c6 11. Bf4 Qe7 12. Re1 Nh5 13. Bf1 Ne5 14. dxe5 Bf5
15. Qc1 1-0

[Event "Schachfestival 2018"]
[Site "Bad Woerishofen"]
[Date "2018.03.03"]
[Round "9.32"]
[White "Hornung, Hans"]
[Black "Margraf, Christoph"]
[Result "1-0"]
[WhiteElo "2009"]
[BlackElo "1928"]
[Annotator "chessorg"]
[PlyCount "97"]
[EventDate "2018.??.??"]
[WhiteTeam "SK Klosterlechfeld"]
[BlackTeam "SC Ansbach 1855 e.V."]

1. d4 d5 2. c4 Nc6 3. cxd5 Qxd5 4. e3 e5 5. Nc3 Bb4 6. Bd2 Bxc3 7. bxc3 Nf6 8.
Qb3 Qd6 9. Bd3 O-O 10. Ne2 Re8 11. O-O a6 12. Ng3 Be6 13. Qc2 Rad8 14. Rfd1 b5
15. a4 b4 16. cxb4 exd4 17. b5 dxe3 18. Bc3 exf2+ 19. Qxf2 Nd4 20. Bxd4 Ng4 21.
Qb2 Bb3 22. Re1 Be6 23. Rad1 Bb3 24. Rc1 g6 25. Rxe8+ Rxe8 26. Bf1 Rd8 27. Bf2
Qf4 28. Re1 Bxa4 29. h3 Nxf2 30. Qxf2 Qxf2+ 31. Kxf2 Bxb5 32. Ne4 c6 33. Nf6+
Kg7 34. Ne8+ Kf8 35. Nc7 Rd2+ 36. Kg1 Ra2 37. Re8+ Kg7 38. Nxb5 cxb5 39. Ra8
Kf6 40. Bxb5 a5 41. Ra7 h5 42. Rxf7+ Kg5 43. Rc7 a4 44. Rc5+ Kf6 45. Bd3 a3 46.
Rc6+ Ke5 47. Bxg6 Rb2 48. Ra6 a2 49. Kh2 1-0

[Event "Schachfestival 2018"]
[Site "Bad Woerishofen"]
[Date "2018.03.03"]
[Round "9.32"]
[White "Hornung, Hans"]
[Black "Margraf, Christoph"]
[Result "0-1"]
[WhiteElo "2009"]
[BlackElo "1928"]
[Annotator "chessorg"]
[PlyCount "88"]
[EventDate "2018.??.??"]
[WhiteTeam "SK Klosterlechfeld"]
[BlackTeam "SC Ansbach 1855 e.V."]

1. d4 Nf6 2. Bg5 c5 3. d5 d6 4. Nc3 g6 5. Bxf6 exf6 6. g3 Bg7 7. e3 O-O 8. Bg2
a6 9. a4 Nd7 10. Nge2 Rb8 11. a5 b5 12. axb6 Nxb6 13. O-O f5 14. Ra2 h5 15. h4
Nc4 16. b3 Ne5 17. Qd2 Re8 18. Ra4 Ng4 19. Nf4 Bf6 20. Re1 Re7 21. f3 Ne5 22.
e4 a5 23. exf5 Bxf5 24. Ne4 Bxe4 25. Raxe4 Rb4 26. Nd3 Rxe4 27. Rxe4 Nxd3 28.
Qxd3 Rxe4 29. Qxe4 Bd4+ 30. Kh2 Qf6 31. f4 Kg7 32. Bh3 Bf2 33. Bg2 Qc3 34. Qd3
Qxd3 35. cxd3 f5 36. Bf1 Kf6 37. Kg2 Be1 38. Kf3 Ke7 39. Be2 Kd8 40. Bd1 Kc7
41. b4 cxb4 42. d4 Kb6 43. Ba4 b3 44. Bxb3 Kb5 0-1

[Event "BW 2018 Senioren"]
[Site "Bad Woerishofen"]
[Date "2018.03.03"]
[Round "9.33"]
[White "Klett, Thomas"]
[Black "Braeu, Ludwig"]
[Result "1/2-1/2"]
[WhiteElo "1870"]
[BlackElo "1835"]
[Annotator "chessorg"]
[PlyCount "91"]
[EventDate "2018.??.??"]
[WhiteTeam "SV Urach"]
[BlackTeam "Marktoberdorf"]

1. c4 c5 2. g3 Nc6 3. Bg2 g6 4. Nc3 Bg7 5. Nf3 e5 6. d3 Nge7 7. O-O O-O 8. Bg5
f6 9. Bd2 d6 10. a3 Be6 11. h3 d5 12. cxd5 Nxd5 13. Kh2 Qd7 14. Rc1 b6 15. Qa4
Rfd8 16. Ng1 Rac8 17. Nxd5 Bxd5 18. Bxd5+ Qxd5 19. Qc4 Qxc4 20. Rxc4 Rd4 21.
Rfc1 a5 22. R4c3 Bf8 23. Rb3 Rb8 24. Nf3 Rdd8 25. Be3 Kf7 26. Kg2 Ke6 27. Nd2
a4 28. Rbc3 Na5 29. Kf3 Be7 30. b3 Nxb3 31. Nxb3 axb3 32. Rxb3 Rdc8 33. Rb5 Bd8
34. Rcb1 Ra8 35. Bc1 Kd5 36. e3 Ra4 37. Ke2 Rc6 38. R1b3 Ke6 39. Rc3 Rd6 40.
Bb2 e4 41. dxe4 Rxe4 42. f3 Ra4 43. Rbb3 f5 44. Rd3 c4 45. Rxd6+ Kxd6 46. Rb4
1/2-1/2

[Event "Schachfestival 2018"]
[Site "Bad Woerishofen"]
[Date "2018.03.03"]
[Round "9.33"]
[White "Funke, Joerg-Dietmar"]
[Black "Fiedler, Wolfgang"]
[Result "1-0"]
[WhiteElo "1898"]
[BlackElo "2006"]
[Annotator "chessorg"]
[PlyCount "69"]
[EventDate "2018.??.??"]
[WhiteTeam "SC Naunhof"]
[BlackTeam "SK Zirndorf e.V."]

1. e4 g6 2. d4 Bg7 3. c4 d6 4. Nc3 Nc6 5. Be3 e5 6. d5 Nce7 7. Bd3 f5 8. f3 Nf6
9. exf5 Nxf5 10. Bf2 O-O 11. Nge2 Bh6 12. Bxf5 Bxf5 13. Ng3 Bd7 14. Qd3 Qe7 15.
Be3 Bf4 16. O-O Rae8 17. Rae1 Qg7 18. Nce4 b6 19. b3 a5 20. a3 Qh6 21. Bxf4
Qxf4 22. Nxf6+ Qxf6 23. Qd2 Qf4 24. Rf2 a4 25. b4 Qxc4 26. Rc1 Qb3 27. Rxc7 Rf7
28. Rc3 Qb1+ 29. Rf1 Qb3 30. Rxb3 axb3 31. Qe3 Ba4 32. Rb1 Rc7 33. Ne4 Rec8 34.
Rxb3 Bxb3 35. Qxb3 1-0

[Event "BW 2018 Senioren"]
[Site "Bad Woerishofen"]
[Date "2018.03.03"]
[Round "9.34"]
[White "Fuchs, Joachim"]
[Black "Henrichsen, Erland"]
[Result "0-1"]
[WhiteElo "1767"]
[BlackElo "2009"]
[Annotator "chessorg"]
[PlyCount "50"]
[EventDate "2018.??.??"]
[WhiteTeam "SC Starnberg"]
[BlackTeam "Porsgrunn sjakklubb"]

1. d4 Nf6 2. c4 c5 3. d5 b5 4. cxb5 a6 5. bxa6 Bxa6 6. Nc3 g6 7. g3 d6 8. Bg2
Bg7 9. Nf3 O-O 10. O-O Nbd7 11. Re1 Ng4 12. Qc2 Qb6 13. h3 Nge5 14. Rb1 Rfb8
15. Ng5 Qa5 16. f4 Nc4 17. e4 Bd4+ 18. Kh2 Nxb2 19. Bxb2 Rxb2 20. Rxb2 Bxc3 21.
Reb1 Bxb2 22. Rxb2 c4 23. Nf3 Nc5 24. Nd4 Qa3 25. Nc6 c3 0-1

[Event "Schachfestival 2018"]
[Site "Bad Woerishofen"]
[Date "2018.03.03"]
[Round "9.34"]
[White "Liebelt, Jannik"]
[Black "Herold, Gunther"]
[Result "1-0"]
[WhiteElo "2049"]
[BlackElo "1949"]
[Annotator "chessorg"]
[PlyCount "59"]
[EventDate "2018.??.??"]
[WhiteTeam "SC Porta Westfalica Holtrup 1950"]
[BlackTeam "SC Kaufbeuren"]

1. b3 Nf6 2. Bb2 g6 3. Bxf6 exf6 4. c4 Bg7 5. g3 f5 6. Nc3 O-O 7. Bg2 Nc6 8.
Nf3 d6 9. Rc1 Ne5 10. O-O Nxf3+ 11. Bxf3 c6 12. e3 g5 13. Bg2 Re8 14. b4 a6 15.
a4 Re6 16. d4 Bd7 17. d5 Rg6 18. Qd3 Qf6 19. dxc6 bxc6 20. b5 axb5 21. cxb5 d5
22. b6 f4 23. exf4 gxf4 24. Nxd5 cxd5 25. Qxd5 Rxa4 26. Qxd7 Rb4 27. b7 fxg3
28. hxg3 Bf8 29. Rc8 Rxg3 30. fxg3 1-0

[Event "Schachfestival 2018"]
[Site "Bad Woerishofen"]
[Date "2018.03.03"]
[Round "9.36"]
[White "Distelrath, Oliver"]
[Black "Storkebaum, Ulrike"]
[Result "0-1"]
[WhiteElo "1962"]
[BlackElo "1791"]
[Annotator "chessorg"]
[PlyCount "78"]
[EventDate "2018.??.??"]
[WhiteTeam "SV Unser Fritz Wanne-Eickel 1955 e.V."]
[BlackTeam "SAbt TEC Darmstadt"]

1. e4 e5 2. Nf3 Nc6 3. Bc4 Nf6 4. d4 exd4 5. e5 d5 6. Bb5 Ne4 7. Nxd4 Bd7 8.
Bxc6 bxc6 9. O-O Be7 10. f3 Ng5 11. Be3 O-O 12. f4 Ne4 13. Nd2 Nxd2 14. Qxd2 c5
15. Nb3 d4 16. Bf2 Bf5 17. Rfe1 Qd5 18. Qe2 a5 19. Rad1 a4 20. Nc1 Qe6 21. h3
Qg6 22. Kh2 Bxc2 23. Rd2 Bf5 24. g4 Bd7 25. Qf3 Bc6 26. Qg3 Bd5 27. a3 Rab8 28.
h4 f5 29. g5 Be4 30. Qh3 Qc6 31. Qf1 Rb6 32. Qc4+ Bd5 33. Qc2 Qb5 34. Ne2 Be4
35. Qc1 Qb3 36. Ng3 Bd5 37. Qb1 Qf3 38. Rg1 Qxf4 39. Rgd1 Qxh4+ 0-1

[Event "Schachfestival 2018"]
[Site "Bad Woerishofen"]
[Date "2018.03.03"]
[Round "9.37"]
[White "Boldt, Heinrich"]
[Black "Kievelitz, Bernd"]
[Result "0-1"]
[WhiteElo "1853"]
[BlackElo "1924"]
[Annotator "chessorg"]
[PlyCount "76"]
[EventDate "2018.??.??"]
[WhiteTeam "TSV Kareth-Lappersdorf"]
[BlackTeam "SC Zitadelle Spandau 1977 e.V."]

1. d4 Nf6 2. Bf4 b6 3. Nf3 Bb7 4. e3 g6 5. Be2 Bg7 6. O-O O-O 7. Nbd2 d6 8. c3
Nbd7 9. h3 Re8 10. Qb3 e5 11. dxe5 Nxe5 12. Rfd1 Qe7 13. Nxe5 dxe5 14. Bg5 h6
15. Bxf6 Qxf6 16. Nf3 Qe7 17. Rd2 Red8 18. Rad1 Rxd2 19. Rxd2 Rd8 20. Qd1 Rxd2
21. Qxd2 c5 22. a3 e4 23. Ne1 Be5 24. Nc2 Bc7 25. Bb5 Bc8 26. Qd5 Kg7 27. Bc6
f5 28. Bb5 Be6 29. Qc6 Qd6 30. Qxd6 Bxd6 31. Kf1 g5 32. Ne1 Kf6 33. f3 Bg3 34.
Ke2 Bxe1 35. Kxe1 exf3 36. gxf3 f4 37. Bf1 fxe3 38. Ke2 Bc4+ 0-1

[Event "BW 2018 Senioren"]
[Site "Bad Woerishofen"]
[Date "2018.03.03"]
[Round "9.37"]
[White "Reimann, Guenther"]
[Black "Oser, Thor"]
[Result "0-1"]
[WhiteElo "1893"]
[BlackElo "1650"]
[Annotator "chessorg"]
[PlyCount "92"]
[EventDate "2018.??.??"]
[WhiteTeam "SC Magstadt"]
[BlackTeam "SK 1929 Joehlingen"]

1. c4 e5 2. Nf3 d6 3. g3 h6 4. Bg2 c6 5. Nc3 Nf6 6. d3 Be6 7. b3 Nbd7 8. Bb2
Qc7 9. Rc1 Be7 10. O-O O-O 11. Qc2 Rac8 12. d4 Bg4 13. e3 Bh5 14. Qd2 Bg6 15.
Qe2 Qb8 16. Rfd1 e4 17. Nh4 Bh7 18. Bh3 d5 19. Nf5 Bxf5 20. Bxf5 Rcd8 21. c5 g6
22. Bh3 Nh7 23. Bg2 f5 24. b4 a6 25. a4 Ndf6 26. Rb1 g5 27. Bc1 g4 28. h4 gxh3
29. Bxh3 Qc8 30. Qf1 Ng5 31. Bg2 Kf7 32. Ne2 h5 33. Nf4 Rh8 34. Qe2 h4 35. Kf1
hxg3 36. fxg3 Rh2 37. Ke1 Nf3+ 38. Bxf3 Rxe2+ 39. Bxe2 Rh8 40. Kd2 Qg8 41. Rg1
Rh2 42. Kc3 Qh8 43. Bd2 Bd8 44. Kc2 Bc7 45. Bf1 Bxf4 46. gxf4 Qh4 0-1

[Event "BW 2018 Senioren"]
[Site "Bad Woerishofen"]
[Date "2018.03.03"]
[Round "9.38"]
[White "Zwetz, Anita"]
[Black "Birkestrand, Odd"]
[Result "1-0"]
[WhiteElo "1842"]
[BlackElo "1699"]
[Annotator "chessorg"]
[PlyCount "89"]
[EventDate "2018.??.??"]
[WhiteTeam "TSV Kareth-Lappersdorf"]
[BlackTeam "Masfjorden Sjakklubb"]

1. d4 Nf6 2. Bg5 d5 3. Nf3 g6 4. e3 Bg7 5. Nbd2 O-O 6. Bd3 Bg4 7. h3 Bd7 8. Ne5
Nc6 9. Nxd7 Qxd7 10. c3 e5 11. dxe5 Nxe5 12. Bc2 Qb5 13. Nb3 Rad8 14. a4 Qa6
15. Nc5 Qc6 16. Nd3 Nxd3+ 17. Qxd3 d4 18. O-O dxc3 19. Qxc3 Qxc3 20. bxc3 h6
21. Bxf6 Bxf6 22. Ra3 Rd2 23. Be4 b6 24. a5 Be7 25. Raa1 Bc5 26. c4 Rfd8 27.
axb6 Bxb6 28. Rfc1 c5 29. Kf1 R2d6 30. g4 Re8 31. Bd5 Kg7 32. Re1 g5 33. e4 f6
34. Re3 a5 35. Ke2 Re7 36. Kd3 Rdd7 37. Rb1 Bd8 38. Rb5 a4 39. Re2 a3 40. Rxc5
Ra7 41. Ra2 Bb6 42. Rb5 Bxf2 43. c5 Rec7 44. Rxf2 a2 45. Rxa2 1-0

[Event "Schachfestival 2018"]
[Site "Bad Woerishofen"]
[Date "2018.03.03"]
[Round "9.38"]
[White "Antoniacci, Riccardo"]
[Black "Hoeller, Armin"]
[Result "0-1"]
[WhiteElo "1874"]
[BlackElo "2003"]
[Annotator "chessorg"]
[PlyCount "54"]
[EventDate "2018.??.??"]
[BlackTeam "SK Weilheim"]

1. d4 f5 2. Bg5 h6 3. Bf4 Nf6 4. Nc3 e6 5. f3 Bb4 6. e4 O-O 7. e5 Nd5 8. Bd2
Qh4+ 9. g3 Qxd4 10. Nxd5 Qxe5+ 11. Ne2 Bxd2+ 12. Qxd2 exd5 13. O-O-O c6 14. Nf4
Qf6 15. h4 d6 16. Bd3 Nd7 17. Nh5 Qf7 18. g4 Ne5 19. Rdf1 f4 20. Rhg1 Be6 21.
c3 Nxd3+ 22. Qxd3 g6 23. g5 gxh5 24. gxh6+ Kh8 25. Rg7 Qf5 26. Qd4 Qe5 27. Qg1
Qe3+ 0-1

[Event "Schachfestival 2018"]
[Site "Bad Woerishofen"]
[Date "2018.03.03"]
[Round "9.39"]
[White "Schleich, Theo"]
[Black "Kluegel, Jan"]
[Result "1-0"]
[WhiteElo "1988"]
[BlackElo "1846"]
[Annotator "chessorg"]
[PlyCount "63"]
[EventDate "2018.??.??"]
[WhiteTeam "Muenchener SC 1836 e.V."]
[BlackTeam "SV VHS Rendsburg"]

1. d4 Nf6 2. Bg5 Ne4 3. Bf4 c5 4. f3 Qa5+ 5. c3 Nf6 6. d5 Qb6 7. Bc1 e6 8. e4
exd5 9. exd5 Be7 10. c4 O-O 11. Bd3 d6 12. Nc3 Nbd7 13. f4 Re8 14. h3 Bd8+ 15.
Kf2 Nf8 16. Nf3 Ng6 17. g4 a6 18. Rb1 Bd7 19. f5 Ne5 20. Nxe5 Rxe5 21. Bf4 Re7
22. g5 Ne8 23. f6 Re5 24. Bxe5 dxe5 25. Qh5 Nxf6 26. gxf6 Qxf6+ 27. Qf3 Qh4+
28. Qg3 Qd4+ 29. Kg2 Bh4 30. Qf3 f5 31. Ne2 e4 32. Nxd4 1-0

[Event "BW 2018 Senioren"]
[Site "Bad Woerishofen"]
[Date "2018.03.03"]
[Round "9.41"]
[White "Traversi, Carlo"]
[Black "Kumeth, Hartmut"]
[Result "0-1"]
[WhiteElo "1537"]
[BlackElo "1757"]
[Annotator "chessorg"]
[PlyCount "38"]
[EventDate "2018.??.??"]
[BlackTeam "SK Union Oldenburg"]

1. Nf3 d5 2. d4 Nf6 3. e3 e6 4. Be2 Be7 5. Nbd2 O-O 6. O-O c5 7. c3 Bd7 8. Re1
Nc6 9. Bd3 c4 10. Bc2 b5 11. a3 Qc7 12. e4 dxe4 13. Nxe4 Nxe4 14. Bxe4 Rad8 15.
Ng5 g6 16. Qf3 f5 17. Bxc6 Bxg5 18. Bxg5 Bxc6 19. Bh6 Bxf3 0-1

[Event "Schachfestival 2018"]
[Site "Bad Woerishofen"]
[Date "2018.03.03"]
[Round "9.43"]
[White "Kapahnke, Tilo"]
[Black "Wahl, Peter"]
[Result "1-0"]
[WhiteElo "1571"]
[BlackElo "1820"]
[Annotator "chessorg"]
[PlyCount "43"]
[EventDate "2018.??.??"]
[WhiteTeam "SC Starnberg"]

1. e4 c5 2. Nf3 Nc6 3. d4 cxd4 4. Nxd4 g6 5. Nc3 Bg7 6. Be3 e6 7. Be2 Nge7 8.
Qd2 O-O 9. h4 d5 10. exd5 Nxd5 11. Nxc6 bxc6 12. h5 Nxc3 13. bxc3 Qxd2+ 14.
Bxd2 g5 15. Rb1 h6 16. Bf3 Ba6 17. Be2 Bxe2 18. Kxe2 Rfb8 19. g4 Rb6 20. Rb3
Ra6 21. Ra1 c5 22. a4 1-0